000 00636nam a2200277Ia 4500
005 20260324140057.0
008 008 260324s9999 xx 000 0 eng d
020 _a9780203019771
037 _aEBOOK
040 _aCRL
040 _beng
040 _cCRL
041 _2eng
041 _aeng
084 _qCRL
100 _aKate Ashcroft; David James
_91203041
245 0 _aCREATIVE PROFESSIONAL
260 _bTaylor and Francis
260 _c1999
365 _a
365 _b170
856 _uhttp://www.taylorfrancis.com/books/9780203019771
942 _cEBOOK
999 _c1804715
_d1804715